|
|
|
|
| LEADER |
01107nam a2200229 a 4500 |
| 001 |
GR-Patra25002 |
| 003 |
GR-PaULI |
| 005 |
20231213122516.0 |
| 008 |
080402s2007 enka e b 001 0 eng d |
| 020 |
|
|
|a 0470025425
|
| 040 |
|
|
|a GrPaTEI
|b gre
|c GR-PaULI
|e AACR2
|
| 082 |
0 |
4 |
|a 615.82
|2 23
|
| 245 |
0 |
0 |
|a Recent advances in physiotherapy /
|c edited by Cecily Partridge.
|
| 260 |
|
|
|a Chichester, West Sussex, England
|b Johh Wiley & Sons,
|c c2007.
|
| 300 |
|
|
|a xi, 255 σ. :
|b εικ. ;
|c 23 εκ.
|
| 504 |
|
|
|a Περιλαμβάνει βιβλιογραφίες και ευρετήριο.
|
| 650 |
|
0 |
|a Φυσικοθεραπεία
|9 31045
|
| 700 |
1 |
|
|a Partridge, Cecily J.
|9 201303
|e συγγραφέας.
|
| 942 |
|
|
|2 ddc
|c BK
|
| 952 |
|
|
|0 0
|1 0
|2 ddc
|4 0
|6 615_820000000000000_REC
|7 0
|9 306415
|a LISP
|b LISP
|c BSC
|d 2021-01-17
|e
|f
|i 37681
|l 0
|o 615.82 REC
|p 025000305135
|r 2021-01-17 00:00:00
|t 1
|w 0000-00-00
|y BK15
|x
|x
|x
|
| 952 |
|
|
|0 0
|1 0
|2 ddc
|4 0
|6 615_820000000000000_REC
|7 0
|9 306416
|a LISP
|b LISP
|c BSC
|d 2021-01-17
|e
|f
|i 37682
|l 0
|o 615.82 REC
|p 025000305222
|r 2021-01-17 00:00:00
|t 2
|w 0000-00-00
|y BK15
|x
|x
|x
|
| 999 |
|
|
|c 177060
|d 177060
|